00438nam a2200133Ia 4500008004100000020001700041050002600058100002100084245005400105260006900159300002200228520002100250650003300271150610s9999 xx 000 0 und d a9716300522  aPE1409b .L264 1996  aLandy, Joseph V. aSeven rules for writers / cby Joseph V. Landy. aManila, Philippines :bTahanan Books for Young Readers, c1996. a62pages ;c20 cm. aEnglish language xComposition (Language arts).